| 000 | 00406nam a2200169Ia 4500 | ||
|---|---|---|---|
| 008 | 260407s2023 xx 000 0 und d | ||
| 041 | _aeng | ||
| 082 |
_a615/BHI _b11501 |
||
| 100 | _aDR.S.B.BHISE | ||
| 245 | _aPHARMACOLOGY -III | ||
| 250 | _a3RD | ||
| 260 |
_aPUNE _bNIRLAI PRAKASHAN _c2023 |
||
| 300 | _a5.3p | ||
| 650 | _aPHARMACOLOGY | ||
| 650 | _aPHARMACOLOGY -III | ||
| 700 | _aMRS. M.S.BHISE | ||
| 999 |
_c1218993 _d1218993 |
||